عرض عادي
عرض مارك
- Grüne, Lars,
مدخل إسم شخص
001 - رقم الضبط
- حقل الضبط: 8855
003 - معرف رقم الضبط
- حقل الضبط: OSt
005 - تاريخ ووقت أخر عملية
- حقل الضبط: 20111220212227.0
008 - عناصر بيانات ثابتة الطول
- حقل تحكم ثابت الطول: 111220|||a|||||| | ||| d
040 ## - مصدر الفهرسة
- هيئة الفهرسة الأصلية: OSt
- وكالة الكتابة: OSt
100 ## - مدخل -- أسم شخص
- إسم شخص: Grüne, Lars,
- تواريخ مرتبطة بالاسم: 1967-
670 ## - بيانات المصدر موجوده
- الاستشهاد بالمصدر: Work cat.: (OSt)0: Grüne, Lars, 1967-, Asymptotic behavior of dynamical and control systems under perturbation and discretization /, c2002.
